| 000 | 00680nam a2200181 4500 | ||
|---|---|---|---|
| 001 | 131172 | ||
| 003 | ES-MaACL | ||
| 005 | 20230906193929.0 | ||
| 007 | t| | ||
| 008 | 070214s1907 fr r ||||1| fre d | ||
| 100 | 1 |
_aRobin, Henri. _997871 |
|
| 245 | 1 | 2 |
_aL'Éducation dans les colonies de jeunes détenus et la préservation des jeunes libérés _b: thèse pour le Doctorat de Droit (sciences juridiques) / _cpar Henri Robin. |
| 260 |
_aParis : _b[s. n.], _c1907 ( _fImp. de F. Levé) |
||
| 300 | _a116 p. | ||
| 500 | _aPrecede al tít.: Université de Paris, Faculté de Droit. | ||
| 710 | 2 |
_aUniversité de Paris. _bFaculté de Droit. _97484 |
|
| 852 |
_aES-MaACL _jT-1380-F-4 |
||
| 999 |
_c131172 _d131172 |
||